Countries with supertall skyscrapers - Statistics

General Stats
  • This quiz has been taken 92 times
    63 since last reset
  • The average score is 22 of 25
Answer Stats
# of buildings Tallest building Country % Correct
82 2,073 ft, 632 m China
100%
35 2,717 ft, 828 m United Arab Emirates
98%
29 1,776 ft, 541 m United States
98%
2 1,067 ft, 325 m Japan
96%
1 1,002 ft, 305 m Mexico
96%
1 1,016 ft, 310 m United Kingdom
96%
7 2,227 ft, 679 m Malaysia
95%
3 987 ft, 300 m Qatar
95%
7 1,516 ft, 462 m Russia
95%
7 1,819 ft, 555 m South Korea
95%
3 1,050 ft, 320 m India
93%
5 1,972 ft, 601 m Saudi Arabia
93%
3 1,033 ft, 315 m Thailand
93%
1 1,256 ft, 383 m Indonesia
91%
2 1,513 ft, 461 m Vietnam
91%
2 1,058 ft, 322 m Australia
89%
1 1,155 ft, 352 m Turkey
89%
2 1,667 ft, 508 m Taiwan
86%
4 1,352 ft, 412 m Kuwait
84%
1 1,292 ft, 394 m Egypt
82%
1 1,043 ft, 318 m Philippines
75%
1 1,017 ft, 310 m Poland
68%
1 984 ft, 300 m Chile
65%
1 1,083 ft, 330 m North Korea
61%
1 1,020 ft, 311 m Kazakhstan
37%
No matching quizzes found
Score Distribution
Percent of People with Each Score
Percentile by Number Answered
Your Score History
You have not taken this quiz since the last reset